| 000 | 00922nam a2200277 i 4500 | ||
|---|---|---|---|
| 001 | bg | ||
| 003 | BPK | ||
| 005 | 20201209085613.0 | ||
| 008 | 060117s1974 pl a |000 0 pol | ||
| 015 | _aPB 1974/6019 | ||
| 040 |
_aWA N _cBPK |
||
| 041 | 0 | _apol | |
| 080 | _a621.762 | ||
| 100 | 1 |
_aBukat, Andrzej. _eAutor |
|
| 245 | 1 | 0 |
_aTeoretyczne podstawy procesów spiekania / _cAndrzej Bukat, Władysław Rutkowski. |
| 260 |
_a(Katowice) : _b"Śląsk", _c1974. |
||
| 300 |
_a294 [1] s. : _bil., wykr. ; _c20 cm. |
||
| 490 | 1 | _aBiblioteka Metalurga. | |
| 504 | _aBibliogr. | ||
| 650 | 4 | _aMetalurgia proszków | |
| 700 | 1 |
_aRutkowski, Władysław _d(1920-2001). _eAutor |
|
| 710 | 2 |
_aWydawnictwo "Śląsk" _4pbl. |
|
| 856 |
_uhttp://koha.tu.koszalin.pl/cgi-bin/koha/opac-detail.pl?biblionumber=22514 _yKatalog online BPK |
||
| 830 | 0 | _aBiblioteka Metalurga | |
| 942 |
_2UKD _cKS |
||
| 999 |
_c22514 _d22514 |
||